KOHA-Header-6

ضرب المثل اشعار (Record no. 13445)

000 -LEADER
fixed length control field 00271nam a22001097a 4500
082 ## - DEWEY DECIMAL CLASSIFICATION NUMBER
Classification number 891.439
100 ## - MAIN ENTRY--AUTHOR NAME
Personal name ثروت سلطانہ ثروت
245 ## - TITLE STATEMENT
Title ضرب المثل اشعار
260 ## - PUBLICATION, DISTRIBUTION, ETC. (IMPRINT)
Place of publication کراچی
Name of publisher ذکی پرنٹرز
Year of publication 2010
300 ## - PHYSICAL DESCRIPTION
Number of Pages 350 pages
942 ## - ADDED ENTRY ELEMENTS (KOHA)
Koha item type Books
Holdings
Withdrawn status Lost status Collection code Permanent Location Current Location Shelving location Date acquired Full call number Accession Number Koha item type
    Urdu Literature MAJU MAJU Shelf No.A11 2022-11-23 891.439 10500 Books

Powered by Koha